Datum a čas kvízu
31.5
Celkem bodů
Celkový počet nahraných bodů na tomto kvízu bez doplňovacích otázek.
6.
Pořadí na kvízu
Konečné umístění týmu na tomto kvízu.
Zaznamenané odpovědi
| # | Otázka | Odpověď | Body | Výsledky |
|---|---|---|---|---|
| 1. | V nabídce jedné plzeňské reali... | Zelená Hora, Černí baroni | 0 | |
| 2. | 56letá evropská politička byla... | Marine Le Pen | 1 | |
| 3. | V sobotu byly slavnostně vyhlá... | Vladimír Mišík, Kateřina Marie Tichá | 0 | |
| 4. | Ministerstvo dopravy schválilo... | D99 | 0 | |
| 5. | Tento 46letý muž se jmenuje Ma... | Dukla (Praha) | 1 | |
| 6. | Miminkovské téma začněme u pro... | D | 0 | |
| 7. | U prvního miminka nás může pře... | smolka | 0 | |
| 8. | Ideálně do pár hodin po porodu... | vitamín K | 0 | |
| 9. | Pro klidný spánek miminka může... | bílý šum | 1 | |
| 10. | Ve které síti drogerií nakoupí... | Rossmann | 1 |